[Event "1st Cyprus Chess Tournament 2019"]
[Site "Larnaca"]
[Date "2019.11.01"]
[Round "8.6"]
[White "Lornye, Pylyp"]
[Black "Velickovski-Nejkovic, Maja"]
[Result "1/2-1/2"]
[WhiteElo "2284"]
[BlackElo "2128"]
[Annotator "TA"]
[PlyCount "142"]
[EventDate "2019.10.25"]
[EventType "swiss"]
[EventCountry "CYP"]
[SourceTitle "playchess.com"]
[Source "ChessBase"]
[SourceQuality "1"]

{[%evp 9,142,18,24,21,28,28,40,36,33,28,31,23,63,37,55,40,41,36,40,36,42,39,73,52,93,75,79,58,96,61,164,164,166,150,185,135,179,128,184,184,209,196,202,208,229,119,122,118,175,164,161,130,191,177,174,190,218,179,282,219,238,221,232,185,240,216,231,191,211,185,229,214,270,260,305,170,255,253,325,251,256,240,250,170,190,141,258,226,316,312,433,442,423,183,190,201,205,240,355,331,346,344,327,313,422,459,448,431,750,568,479,353,312,28,27,8,8,10,8,0,42,31,95,62,129,0,0,0,0,0,0,0,0,0,0]} 1. Nf3 Nf6 2. g3 d6 3. Bg2 e5 4. d3 Be7 5. O-O (5. c4 O-O 6. Nc3 c5 7. O-O Nc6 8. a3 h6 9. b4 cxb4 10. Nd5 bxa3 11. Nxe7+ Qxe7 12. Bxa3 Rd8 13. Qb3 Be6 14. Rfb1 Rab8 15. Nd2 Nd4 16. Qd1 {0-1 (37) Bures,J (2406)-Simacek,P (2490) Ceske Budejovice 2018}) 5... c6 6. e4 {A05: Réti Opening: 1 Nf3 Nf6} Bg4 7. h3 Bxf3 8. Qxf3 {White is slightly better.} Nbd7 9. Nd2 $146 ({Predecessor:} 9. Qe2 O-O 10. c3 a5 11. d4 Re8 12. dxe5 dxe5 13. Be3 {½-½ (40) Stankovic,I (2247)-Umiljenovic,M (2091) Belgrade 2014}) 9... Qc7 10. Nc4 Nc5 11. c3 b5 12. Na3 Ne6 13. d4 Rb8 14. Nc2 O-O 15. Qe2 Nd7 16. f4 Bf6 {[%cal Re5d4]} 17. f5 Nd8 18. Be3 Nb6 19. b3 c5 (19... Rc8 $14) 20. dxc5 $18 dxc5 21. Qxb5 Nb7 22. Qe2 Nd6 23. Qf2 (23. c4 $18) 23... Rfc8 (23... c4 $16) 24. c4 Be7 25. Bd2 Nd7 26. Ne3 Nf6 27. Nd5 (27. Qe1 $18) 27... Nxd5 $16 28. exd5 f6 (28... Bf6 $16 29. Rae1 Re8) 29. g4 a5 30. Qg3 h6 (30... a4 $16 31. Rfc1 Qb7) 31. h4 Nf7 32. Be4 Kf8 33. Qh3 Bd6 (33... a4 $142 34. Qc3 (34. bxa4 Nd6 $16) 34... Kg8) 34. Rab1 Ke7 35. Rfc1 Qa7 36. Qe3 Qc7 (36... Kf8 {was necessary.} 37. a3 Rb7) 37. Qe1 Ra8 38. a3 Rcb8 39. Kh1 Qa7 40. Be3 Qa6 41. Qf2 Ke8 42. Bf3 (42. Bxc5 $142 Bxc5 43. Qxc5) 42... e4 (42... a4 $142) 43. Bxe4 $18 Ne5 44. Qg2 Rc8 45. Bg1 Ra7 46. Bh2 Re7 47. Re1 Kf8 (47... a4 $16 48. bxa4 Qxc4) 48. Bc2 Rce8 49. Re4 a4 50. g5 axb3 51. Rxb3 (51. gxf6 $142 Rf7 52. Rxb3 gxf6 53. Bf4) 51... hxg5 52. hxg5 fxg5 53. Rh3 Nf7 (53... g4 $142 54. Rh8+ Kf7) 54. Bxd6 $1 Qxd6 55. Re6 $1 {[%cal Re6d6]} Qf4 {[#]} 56. Qe2 $1 Rxe6 57. fxe6 {Threatens to win with Rf3.} g4 58. Rh5 {aiming for Rf5!} Nh6 (58... Nd6 $142 59. Bg6 Ke7 60. Bxe8 Kxe8) 59. Kg2 Ke7 60. Re5 Rf8 61. d6+ $2 (61. Re3 $18) 61... Kxd6 $11 62. Rd5+ Ke7 $1 {...Qf3+ is the strong threat.} 63. Rd7+ ({Wrong is} 63. Rxc5 $2 g3 $19) 63... Kf6 64. Be4 Nf5 65. Bxf5 Qxf5 $14 {[%mdl 4096] Endgame KQR-KQR} (65... Kxf5 $14 66. e7 (66. Rxg7 Qf3+ 67. Qxf3+ gxf3+ 68. Kxf3 Ra8 $11) 66... Re8) 66. e7 $36 {[%mdl 2048] Black is under pressure.} Re8 $1 {[#]} 67. Rd5 ({White has to play} 67. Ra7 $1 $16) 67... Qf3+ {The position is equal.} 68. Qxf3+ gxf3+ 69. Kxf3 {Strongly threatening Rd7.} Rxe7 70. Rxc5 Ra7 71. Kf4 Rxa3 {Accuracy: White = 41%, Black = 33%.} 1/2-1/2

[Event "1st Cyprus Chess Tournament 2019"]
[Site "Larnaca"]
[Date "2019.11.01"]
[Round "8.7"]
[White "Biljanic, Ljubomir"]
[Black "Borsuk, Angela"]
[Result "1-0"]
[WhiteElo "2241"]
[BlackElo "2090"]
[Annotator "TA"]
[PlyCount "97"]
[EventDate "2019.10.25"]
[EventType "swiss"]
[EventCountry "CYP"]
[SourceTitle "playchess.com"]
[Source "ChessBase"]
[SourceQuality "1"]

{[%evp 9,97,45,66,45,79,52,64,56,72,70,66,63,88,50,65,41,39,44,42,34,45,0,25,20,73,60,105,-3,47,46,146,78,132,110,114,79,106,96,207,91,129,104,177,176,162,83,262,262,420,407,414,410,404,404,412,381,481,474,440,441,532,512,527,523,484,175,175,175,175,175,175,175,175,175,175,175,244,239,232,227,293,267,524,491,472,421,394,406,1104,732]} 1. d4 d6 2. Nf3 Nf6 3. c4 Bg4 4. Qb3 Nbd7 (4... Qc8 5. g3 Nbd7 6. Bg2 e5 7. O-O Be7 8. Nc3 c6 9. Be3 O-O 10. h3 exd4 11. Bxd4 Nc5 12. Bxc5 Bxf3 13. Bxf3 dxc5 {½-½ (26) Shankland,S (2662)-Naroditsky,D (2626) San Francisco 2017}) 5. Qxb7 c5 6. e3 $146 {A53: Old Indian Defence without Nf3} ({Predecessor:} 6. Nbd2 Nb6 7. Qa6 cxd4 8. Nxd4 e5 9. N4b3 d5 10. c5 Nbd7 11. e3 Be7 12. c6 {0-1 (41) Kwossek,G (1951)-Tiller,J (1979) Bayern 2013}) 6... Rb8 7. Qc6 Rc8 8. Qa4 {White is slightly better.} Bxf3 9. gxf3 cxd4 10. exd4 Qb6 11. Qd1 g6 12. b3 Bg7 13. Be3 Qa5+ 14. Qd2 Qf5 15. Be2 O-O 16. Nc3 a6 (16... Rfd8 $11) 17. Qd3 Qa5 18. a3 (18. Rc1 $16) 18... Rb8 19. Qc2 d5 (19... e5 $14) 20. O-O (20. c5 $142 $1) 20... Qc7 (20... dxc4 $142 21. bxc4 (21. Bxc4 Nb6 $14) 21... e5) 21. Rfd1 e5 22. c5 {Strongly threatening b4.} exd4 23. Bxd4 {Black must now prevent Nxd5!} Qf4 (23... Rfe8 $16) 24. Qc1 ({Worse is} 24. Bxa6 Ng4 $15) (24. Be3 $1 $18 {[%cal Re3f4] has better winning chances.} Qe5 25. c6 (25. Bxa6 d4 $16)) 24... Qh4 25. c6 $1 {[%cal Rc6d7]} Nb6 (25... Bh6 $16 26. Be3 Bxe3 27. Qxe3 Rfe8) 26. c7 $36 {[%mdl 2048] White is really pushing.} Rb7 27. Qe3 (27. Ra2 $18 {Bxb6 is the strong threat.} Rxc7 28. Bxb6) 27... Rxc7 $2 (27... Nbd7 $16) 28. Bxb6 Rxc3 $2 (28... Rc6 {might work better.}) 29. Qxc3 Ng4 {[#]} 30. Qxg7+ $1 Kxg7 31. fxg4 Re8 32. Bf3 Kg8 {With the idea ...Qf6.} 33. Kg2 h5 34. h3 hxg4 35. hxg4 Re4 36. Rd4 f5 {Black hopes to continue with ...Qf6.} 37. Rh1 $2 (37. Rad1) 37... Qf6 38. Bxe4 fxe4 39. Rh3 Qxb6 40. Rxd5 {[%mdl 4096] Endgame KQ-KRR} Qe6 41. Rd8+ Kg7 42. Rg3 Qe7 (42... e3 {was necessary.} 43. Rxe3 Qxg4+ 44. Kf1 Qh5 45. Rd7+ Kh6) 43. Rd4 Qe6 44. a4 a5 45. Rc4 g5 $2 (45... Kf6 46. Rc5 e3) 46. Rc5 {[%mdl 64] Double Attack} Kg6 47. Rf5 Qc6 {[#] If only Black now had time for ...e3+....} 48. Re3 $1 Qc2 (48... Qe6 $142 49. Rxa5 Qxg4+ 50. Rg3 Qd1 51. Raxg5+ Kf6 52. Rg6+ Kf5 53. R6g5+ Kf6) 49. Re5 {Accuracy: White = 39%, Black = 29%.} 1-0

[Event "1st Cyprus Chess Tournament 2019"]
[Site "Larnaca"]
[Date "2019.11.01"]
[Round "8.8"]
[White "Stefanidi, Maria-Anna"]
[Black "Tsyn, Igor"]
[Result "0-1"]
[WhiteElo "2012"]
[BlackElo "2129"]
[Annotator "TA"]
[PlyCount "78"]
[EventDate "2019.10.25"]
[EventType "swiss"]
[EventCountry "CYP"]
[SourceTitle "playchess.com"]
[Source "ChessBase"]
[SourceQuality "1"]

{[%evp 9,78,-7,-8,-46,0,0,0,0,0,-2,0,-31,9,0,0,0,0,-33,-33,-27,-12,-90,-83,-145,-105,-100,-95,-111,-79,-98,-63,-58,-73,-83,-16,-4,-25,-118,-56,-166,-178,-158,64,-206,-206,-234,-214,-188,-171,-258,-239,-337,-47,-45,356,324,322,101,395,-459,-456,-427,-419,-441,-439,-406,-393,-6139,-1891,-29991,-1145]} 1. e4 e6 2. d4 d5 3. Nc3 Bb4 4. e5 Ne7 5. Bd3 c5 6. Bd2 {C16: French: 3 Nc3 Bb4 4 e5: Lines without ...c5} (6. a3 Bxc3+ 7. bxc3 Nbc6 8. Qg4 Qa5 9. Bd2 Qa4 10. Qxg7 Rg8 11. Qxh7 cxd4 12. Nf3 Bd7 13. Bg5 dxc3 14. O-O Nd4 15. Nxd4 Rxg5 16. Qh4 {1-0 (32) Corrales Jimenez,F (2549)-Abrahamyan,T (2385) Las Vegas 2019}) 6... cxd4 7. Nb5 Bxd2+ 8. Qxd2 {With the idea Nd6+.The position is equal.} O-O 9. Nxd4 $146 ({Predecessor:} 9. Nf3 Nbc6 10. O-O Qb6 11. Nbxd4 Nxd4 12. Nxd4 Qxb2 13. Rfb1 {0-1 (26) Kowalske,K-Formanek,E (2320) Philadelphia 1988}) 9... Nbc6 10. Nxc6 Nxc6 11. Nf3 f6 12. exf6 Qxf6 13. O-O-O e5 14. Bb5 Ne7 15. Rdf1 (15. Qc3 $11 {keeps the balance.}) 15... Bf5 16. Ne1 (16. Kb1 $142) 16... Rfd8 17. f3 a6 18. Be2 Rac8 19. g4 Bg6 20. h4 d4 21. h5 Bf7 ({Better is} 21... Be8 $1 $17 22. Bd3 Nd5) 22. g5 $11 Qe6 {[#]} 23. b3 (23. g6 $1 $11 {[%mdl 512]} hxg6 24. hxg6 Nxg6 25. b3) 23... Nd5 {[#]} (23... Be8 $17 24. g6 h6) 24. Bd3 ({White should try} 24. g6 $1 $15 {[%mdl 512]} hxg6 25. hxg6 Bxg6 26. Rfg1) 24... Qd6 $36 {[%mdl 2048] Hoping for ...Qa3+. Black is in control.} 25. Kb2 Ne3 $2 {[#]} ({Black should play} 25... Be6 $17 {Threatens to win with ...Nc3.} 26. Be4 Ne3) 26. Rfg1 $2 {[%mdl 8192]} (26. g6 $1 $14 {[%mdl 512]}) 26... Bd5 27. Rh3 Be6 28. Rh4 Rc3 29. Ng2 (29. Re4 $142 Qb4 30. Qh2) 29... Nd5 30. f4 (30. Rd1 $142) 30... Rdc8 $2 (30... Nb4 $19 31. fxe5 Qc5) 31. fxe5 $1 $15 Qxe5 $2 {[%mdl 8192]} (31... Qc5 $15 {stays ahead.} 32. Rc1 Nb4 33. Rxd4 Rxd3 34. Rxd3 Qa5) 32. Re4 $18 Qh2 {...Nb4 is the strong threat.} 33. Rge1 $2 (33. Rxe6 $18 {and White stays clearly on top.} Rxd3 34. Qxd3 Qxg1 35. Qe4) 33... Bf5 $2 {[%mdl 8192] [#]} (33... Nb4 $16 {is a better defense.} 34. Rxe6 Nxd3+ 35. cxd3 Rc2+ {[%mdl 64] Decoy} 36. Qxc2 Rxc2+ 37. Kxc2 Qxg2+ {[%mdl 64] Double Attack} 38. R1e2 Qxg5) 34. Rh4 $4 {[%mdl 8192] [#]} ({Weaker is} 34. Re8+ Rxe8 35. Rxe8+ Kf7 $16) (34. Qe2 $1 $18 {[%mdl 512] is the narrow road to win. White wants to mate with Re8+.} Ne3 35. Rxe3 {[%mdl 64] Discovered Attack, Remove Defender} dxe3 36. Bxf5) 34... Bxd3 $1 $19 {[%mdl 512]} 35. Rxh2 (35. cxd3 Rc2+) 35... Rxc2+ 36. Qxc2 Rxc2+ 37. Ka3 b5 {( -> ...b4+)} 38. b4 $2 (38. Nf4 Nxf4 39. Rxc2 Bxc2 40. Re8+ Kf7 41. Ra8) 38... Bc4 (38... Nb6 $142 39. Ne3 Rxh2) 39. Ra1 Nc3 {Accuracy: White = 31%, Black = 35%.} (39... Nb6 $142 40. Ne1 Rxh2 41. Nf3 Rc2 42. Ne1 Rc3+ 43. Kb2 Na4+ 44. Kb1 d3 45. g6 d2 46. gxh7+ Kxh7 47. Ng2 d1=Q#) 0-1

[Event "1st Cyprus Chess Tournament 2019"]
[Site "Larnaca"]
[Date "2019.11.01"]
[Round "8.9"]
[White "Cherkasova, Marina"]
[Black "Florentiades, Michalis"]
[Result "1/2-1/2"]
[WhiteElo "2094"]
[BlackElo "2019"]
[Annotator "NA RC"]
[PlyCount "64"]
[EventDate "2019.10.25"]
[EventType "swiss"]
[EventCountry "CYP"]
[SourceTitle "playchess.com"]
[Source "ChessBase"]
[SourceQuality "1"]
[TimeControl "5400+30"]

1. e4 {[%emt 0:00:00]} e5 {[%emt 0:00:00]} 2. Nf3 {[%emt 0:00:00]} Nf6 {[%emt 0:00:00]} 3. Nxe5 {[%emt 0:03:00]} d6 {[%emt 0:00:02]} 4. Nf3 {[%emt 0:00:07]} Nxe4 {[%emt 0:00:06]} 5. d4 {[%emt 0:03:49]} d5 {[%emt 0:00:13]} 6. h3 {[%emt 0:02:52]} Bd6 {[%emt 0:01:37]} 7. Bd3 {[%emt 0:02:13]} O-O {[%emt 0:01:08]} 8. O-O {[%emt 0:00:44]} Bf5 {[%emt 0:08:09]} 9. c4 {[%emt 0:03:02]} c6 {[%emt 0:05:20]} 10. Qc2 {[%emt 0:06:38]} Na6 {[%emt 0:01:40]} 11. a3 {[%emt 0:00:39]} Bg6 {[%emt 0:00:24]} 12. c5 {[%emt 0:07:20]} Bb8 {[%emt 0:02:43]} 13. Nbd2 {[%emt 0:10:36]} f5 {[%emt 0:11:08]} 14. Bxa6 {[%emt 0:07:31]} bxa6 {[%emt 0:00:11]} 15. Qa4 {[%emt 0:02:41]} Qc8 {[%emt 0:02:02]} 16. Re1 {[%emt 0:03:01]} Bh5 {[%emt 0:04:47]} 17. b4 {[%emt 0:09:51]} g5 {[%emt 0:09:10]} 18. Ne5 {[%emt 0:05:06]} Bxe5 {[%emt 0:05:16]} 19. dxe5 {[%emt 0:00:21]} g4 {[%emt 0:02:12]} 20. hxg4 {[%emt 0:02:17]} fxg4 {[%emt 0:11:21]} 21. Nxe4 {[%emt 0:01:28]} dxe4 {[%emt 0:00:11]} 22. Bh6 {[%emt 0:09:59]} Rf5 {[%emt 0:10:09]} 23. Qb3+ {[%emt 0:02:12]} Bf7 {[%emt 0:00:41]} 24. Qg3 {[%emt 0:05:05]} Rh5 {[%emt 0:01:22]} 25. Qf4 {[%emt 0:01:00]} Qe6 {[%emt 0:05:39]} 26. Bg5 {[%emt 0:00:22]} Qg6 {[%emt 0:00:32]} 27. Bf6 {[%emt 0:02:05]} Bd5 {[%emt 0:01:27]} 28. Re3 {[%emt 0:02:07]} Rf5 {[%emt 0:01:53]} 29. Qg3 {[%emt 0:00:25]} Kf7 {[%emt 0:03:08]} 30. Rae1 {[%emt 0:01:02]} Rh5 {[%emt 0:01:21]} 31. Qf4 {[%emt 0:01:36]} Rf5 {[%emt 0:01:24]} 32. Qg3 {[%emt 0:00:05]} Rh5 {[%emt 0:00:06]} 1/2-1/2

[Event "1st Cyprus Chess Tournament 2019"]
[Site "Larnaca"]
[Date "2019.11.01"]
[Round "8.10"]
[White "Yeshchenko, Uliana"]
[Black "Constantinou, Pavlos"]
[Result "0-1"]
[WhiteElo "1650"]
[BlackElo "2093"]
[Annotator "NA RC"]
[PlyCount "114"]
[EventDate "2019.10.25"]
[EventType "swiss"]
[EventCountry "CYP"]
[SourceTitle "playchess.com"]
[Source "ChessBase"]
[SourceQuality "1"]
[TimeControl "5400+30"]

1. e4 {[%emt 0:00:00]} c5 {[%emt 0:00:00]} 2. Nc3 {[%emt 0:00:00]} Nc6 {[%emt 0:00:00]} 3. g3 {[%emt 0:00:00]} g6 {[%emt 0:00:19]} 4. Bg2 {[%emt 0:00:00]} Bg7 {[%emt 0:00:19]} 5. d3 {[%emt 0:00:00]} d6 {[%emt 0:00:20]} 6. Be3 {[%emt 0:00:04]} Nf6 {[%emt 0:00:06]} 7. h3 {[%emt 0:00:05]} Rb8 {[%emt 0:00:10]} 8. Nge2 {[%emt 0:00:06]} O-O {[%emt 0:00:23]} 9. O-O {[%emt 0:00:06]} b5 {[%emt 0:00:30]} 10. a3 {[%emt 0:00:05]} a5 {[%emt 0:02:08]} 11. d4 {[%emt 0:00:12]} cxd4 {[%emt 0:03:21]} 12. Nxd4 {[%emt 0:00:13]} Nxd4 {[%emt 0:00:11]} 13. Bxd4 {[%emt 0:00:06]} Qc7 {[%emt 0:11:03]} 14. Re1 {[%emt 0:06:51]} e5 {[%emt 0:01:30]} 15. Be3 {[%emt 0:01:06]} Be6 {[%emt 0:00:09]} 16. Bg5 {[%emt 0:06:03]} Qc5 {[%emt 0:08:52]} 17. Qd2 {[%emt 0:07:28]} Rfc8 {[%emt 0:03:20]} 18. Bxf6 {[%emt 0:14:45]} Bxf6 {[%emt 0:00:16]} 19. Rec1 {[%emt 0:10:02]} h5 {[%emt 0:06:32]} 20. Kh1 {[%emt 0:07:48]} Kh7 {[%emt 0:01:08]} 21. Nd1 {[%emt 0:04:46]} Bg7 {[%emt 0:01:29]} 22. Qxa5 {[%emt 0:04:56]} Bh6 {[%emt 0:00:57]} 23. Ne3 {[%emt 0:00:06]} Bxe3 {[%emt 0:00:48]} 24. fxe3 {[%emt 0:00:03]} Qxe3 {[%emt 0:00:29]} 25. Kh2 {[%emt 0:02:13]} h4 {[%emt 0:00:32]} 26. gxh4 {[%emt 0:01:03]} Qf4+ {[%emt 0:00:18]} 27. Kg1 {[%emt 0:00:05]} Qxh4 {[%emt 0:00:56]} 28. Qa7 {[%emt 0:00:29]} Kg7 {[%emt 0:02:25]} 29. Qf2 {[%emt 0:00:20]} Rh8 {[%emt 0:00:21]} 30. Rd1 {[%emt 0:12:42]} Bxh3 {[%emt 0:02:46]} 31. Rxd6 {[%emt 0:03:47]} Bxg2 {[%emt 0:00:31]} 32. Qxh4 {[%emt 0:00:04]} Rxh4 {[%emt 0:00:16]} 33. Kxg2 {[%emt 0:00:02]} Rxe4 {[%emt 0:00:10]} 34. Kf3 {[%emt 0:01:10]} Rf4+ {[%emt 0:00:35]} 35. Ke3 {[%emt 0:00:05]} Rh8 {[%emt 0:05:23]} 36. Rd5 {[%emt 0:02:12]} Rh3+ {[%emt 0:00:08]} 37. Ke2 {[%emt 0:00:53]} Rh2+ {[%emt 0:04:55]} 38. Kd3 {[%emt 0:02:06]} Rff2 {[%emt 0:06:47]} 39. Rxb5 {[%emt 0:03:07]} Rd2+ {[%emt 0:03:04]} 40. Kc4 {[%emt 0:03:16]} Rxc2+ {[%emt 0:01:03]} 41. Kd5 {[%emt 0:00:04]} Rcd2+ {[%emt 0:08:39]} 42. Kc6 {[%emt 0:00:19]} e4 {[%emt 0:00:14]} 43. Re1 {[%emt 0:01:27]} Rc2+ {[%emt 0:00:50]} 44. Kd6 {[%emt 0:01:15]} Rxb2 {[%emt 0:08:12]} 45. Rxb2 {[%emt 0:00:31]} Rf2 {[%emt 0:00:05]} 46. Rc2 Rxc2 {[%emt 0:00:30]} 47. Rxe4 {[%emt 0:00:32]} Ra2 {[%emt 0:00:15]} 48. a4 {[%emt 0:01:07]} f5 {[%emt 0:00:38]} 49. Rb4 {[%emt 0:00:34]} Kf6 {[%emt 0:00:24]} 50. Kd5 {[%emt 0:00:07]} Kg5 {[%emt 0:00:26]} 51. Ke5 {[%emt 0:03:50]} Re2+ {[%emt 0:00:13]} 52. Kd4 {[%emt 0:00:11]} f4 {[%emt 0:01:26]} 53. a5 {[%emt 0:00:21]} Ra2 {[%emt 0:00:40]} 54. Rb5+ {[%emt 0:01:33]} Kg4 {[%emt 0:00:08]} 55. Ke4 {[%emt 0:00:38]} f3 {[%emt 0:01:26]} 56. Rb1 {[%emt 0:00:43]} f2 {[%emt 0:00:19]} 57. Ke3 {[%emt 0:02:11]} Kg3 {[%emt 0:00:20]} 0-1

[Event "1st Cyprus Chess Tournament 2019"]
[Site "Larnaca"]
[Date "2019.11.01"]
[Round "8.11"]
[White "Ivanov, Mikhail M"]
[Black "Demirciler, Erhan"]
[Result "1-0"]
[WhiteElo "2342"]
[BlackElo "1740"]
[Annotator "TA"]
[PlyCount "101"]
[EventDate "2019.10.25"]
[EventType "swiss"]
[EventCountry "CYP"]
[SourceTitle "playchess.com"]
[Source "ChessBase"]
[SourceQuality "1"]

{[%evp 10,101,78,45,59,56,77,21,61,45,45,64,83,0,22,-30,-19,-102,22,9,18,13,46,46,59,56,63,64,35,52,81,42,87,1,1,6,20,0,31,28,115,116,137,102,104,106,110,110,110,47,164,58,69,51,137,137,379,368,380,358,356,370,386,391,375,358,630,404,528,522,504,497,482,481,595,744,808,808,798,785,755,0,770,752,746,735,702,668,866,860,825,807,759,731]} 1. d4 f5 2. Bg5 h6 3. Bh4 g5 4. e3 Nf6 5. Bg3 Bg7 6. h4 g4 {A80: Dutch Defence: Unusual White second moves} 7. h5 c5 (7... d6 8. Ne2 Be6 9. Nf4 Bf7 10. Bb5+ c6 11. Bd3 Qd7 12. Nc3 Na6 13. a3 Nc7 14. Qe2 {1-0 (59) Predke,A (2604)-Potapov,P (2515) Khanty-Mansiysk 2018}) 8. c3 ({Weaker is} 8. dxc5 Ne4 $17) (8. Nc3 $16) 8... cxd4 $146 {The position is equal.} ({Predecessor:} 8... Qb6 9. Qc2 Ne4 10. Bf4 Nc6 11. Na3 cxd4 12. Nc4 Qc5 13. exd4 Bxd4 14. cxd4 Nxd4 {0-1 (42) Gijsen,S (2156)-Mollema,T (2059) Maastricht 2014}) 9. exd4 Qb6 10. Qc2 d5 11. Bd3 (11. Nd2 $16) 11... Ne4 $11 12. Bf4 (12. Bxe4 $142 dxe4 13. Nd2) 12... Nc6 {White must now prevent ...e5.} 13. Qb3 (13. Na3 $11) 13... Qxb3 (13... e5 $17 14. Qxb6 axb6 15. Bxe5 Bxe5 16. dxe5 Nc5) 14. axb3 e5 15. dxe5 Bxe5 16. Ne2 a6 17. f3 gxf3 18. gxf3 Ng5 19. Nd2 Kf7 20. Kf2 Bd7 21. Bxe5 (21. b4 $16) 21... Nxe5 22. Bc2 Kf6 $1 23. b4 Rac8 (23... Rhg8 {is interesting.} 24. Rh4 Ne6 25. Nf1 Kg5 26. Rh1 f4) 24. Rh4 Nc4 (24... Rce8 $11 {keeps the balance.}) 25. Nxc4 $16 Rxc4 26. Rh2 Rcc8 27. Bb3 Bc6 28. Nd4 Rhd8 29. Kg3 ({White should try} 29. Rg2 $16) 29... Be8 {[#]} ({Better is} 29... Rg8 $14) 30. Kf4 (30. Rh4 $1 $18) 30... Bf7 $14 31. Rd1 Rc7 ({Black should play} 31... Re8 $14) 32. Re1 $16 Ne6+ $2 (32... Be6 $16 33. Rhe2 Bc8) 33. Nxe6 $18 Bxe6 34. Rg2 {And now Rg6+ would win.} Bf7 35. Re5 Rd6 36. Rxf5+ Ke7 {[#]} 37. Rg7 $1 Ke8 $2 (37... Kf8) 38. Rh7 {Threatens to win with Rh8+.} Kf8 39. Bxd5 Rxd5 40. Rxd5 {[%mdl 64] Pin} Kg8 41. Rxf7 $1 Kxf7 {[%mdl 4096] Endgame KR-KR} 42. Rd6 Kg7 43. Rg6+ Kh7 44. Rb6 Kg7 45. Rg6+ Kh7 46. Kf5 {White is clearly winning.} Rd7 47. Rb6 Kg7 48. f4 Rf7+ 49. Ke5 Re7+ 50. Re6 Rd7 51. f5 {Accuracy: White = 55%, Black = 34%.} 1-0

[Event "1st Cyprus Chess Tournament 2019"]
[Site "Larnaca"]
[Date "2019.11.01"]
[Round "8.12"]
[White "Isaakidis, Alexandros"]
[Black "Hadjiyiannis, Costas"]
[Result "1-0"]
[WhiteElo "2219"]
[BlackElo "1714"]
[Annotator "TA"]
[PlyCount "72"]
[EventDate "2019.10.25"]
[EventType "swiss"]
[EventCountry "CYP"]
[SourceTitle "playchess.com"]
[Source "ChessBase"]
[SourceQuality "1"]

{[%evp 14,72,42,41,54,40,62,66,137,146,139,122,128,135,125,63,91,37,68,24,31,-25,47,0,35,0,0,0,0,-31,-22,107,-50,-77,0,-13,0,0,0,0,0,-41,-43,-23,9,-11,-22,-20,0,0,544,522,493,529,537,540,533,521,532,525,493]} 1. c4 Nf6 2. Nc3 e6 3. e4 c5 4. e5 Ng8 5. Nf3 Nc6 6. d4 cxd4 7. Nxd4 Nxe5 8. Ndb5 d6 {A19: English Opening: Flohr-Mikenas System with 3...c5} (8... a6 9. Nd6+ Bxd6 10. Qxd6 f6 11. Be3 Ne7 12. Bb6 Nf5 13. Qb4 Nc6 14. Qc5 Qe7 15. O-O-O d6 16. Qa3 O-O 17. g4 Nh6 18. Rg1 Nf7 19. f4 {1-0 (40) Ding,L (2811)-Radjabov,T (2758) Khanty-Mansiysk 2019}) 9. Ne4 d5 10. cxd5 $1 Bb4+ ({Better is} 10... exd5 $14 11. Qxd5 Bb4+ 12. Bd2 Qxd5 13. Nc7+ {[%mdl 64] Double Attack} Kd8 14. Nxd5 Bxd2+ 15. Nxd2 (15. Kxd2 Ne7 $11) 15... Be6) 11. Bd2 $16 Bxd2+ 12. Qxd2 Nf6 $146 ({Predecessor:} 12... Ne7 13. Qc3 O-O 14. Qxe5 exd5 15. Nec3 Bf5 16. Be2 {1-0 (16) Hauchard,A (2445)-Gouy,F (1800) Lyon 1995}) 13. Nxf6+ gxf6 14. Qb4 ({White should play} 14. f4 $16 {Strongly threatening Qb4.} Ng6 15. d6) 14... exd5 $14 15. Nd6+ (15. Qc5 $16 {Nc7+ is the strong threat.} Nc6 16. O-O-O) 15... Kd7 $1 {Threatens to win with ...Nc6.} 16. Nf5 {[%mdl 1024] Intending Qd6+ and mate. White has compensation.} Kc7 17. Rc1+ (17. Nd4 $14) 17... Nc6 (17... Kb8 $11 18. Qd6+ Qxd6 19. Nxd6 Rd8 20. Rxc8+ Rxc8 21. Nxc8 Kxc8) 18. Qf4+ Kb6 19. Be2 Bxf5 $1 20. Qxf5 Re8 {White must now prevent ...Rxe2+!} 21. Qd3 ({Reject} 21. Qc2 Qe7 $17) 21... Qe7 22. Qb5+ Kc7 23. Rc2 Rad8 (23... Qe4 $17 24. Qb3 Rg8) 24. O-O $11 a6 $36 {[%mdl 2048] Black is pushing.} 25. Qa4 Qe4 26. Qb3 d4 27. Bd3 Qe6 28. Bc4 Qg4 29. Rfc1 {And now Bxa6! would win.} Rd6 $1 30. h3 Qf5 31. Bd3 Qa5 $2 {[%mdl 8192]} (31... Qd7 $11 {and Black is okay.}) 32. Qxf7+ $18 {[%mdl 64] [#] Double Attack. White is clearly winning.} Kd8 33. Qxb7 {[%mdl 64] Double Attack} Re1+ 34. Rxe1 Qxe1+ {[#]} 35. Kh2 $1 Qe5+ 36. g3 Qd5 {Accuracy: White = 33%, Black = 48%.} 1-0